Football : 2010's record transfers - Statistics

General Stats
  • This quiz has been taken 1,525 times
    1,476 since last reset
  • The average score is 9 of 10
Answer Stats
Season Country Player From To Transfer Fee % Correct
2013-2014 Wales Gareth Bale Tottenham Hotspur Real Madrid 94M€
100%
2014-2015 Uruguay Luis Suarez Liverpool Barcelona 81 M€
99%
2013-2014 Brazil Neymar Santos FC Barcelona 57,1M€
98%
2014-2015 Colombia James Rodriguez AS Monaco Real Madrid 80 M€
97%
2013-2014 Uruguay Edinson Cavani Naples PSG 64,5M€
96%
2013-2014 Germany Mesut Özil Real Madrid Arsenal 50M€
96%
2010-2011 Spain Fernando Torres Liverpool Chelsea 58,5M€
93%
2013-2014 Colombia Radamel Falcao Atlético Madrid AS Monaco 60M€
91%
2014-2015 Brazil David Luiz Chelsea PSG 49,5M€
90%
2012-2013 Brazil Hulk FC Porto Zenit St Petersburg 55M€
87%
No matching quizzes found
Score Distribution
Percent of People with Each Score
Percentile by Number Answered
Your Score History
You have not taken this quiz since the last reset